| 000 | 00959 a2200193 4500 | ||
|---|---|---|---|
| 003 | Nust | ||
| 005 | 20221213095605.0 | ||
| 020 | _a8121923255 | ||
| 040 | _cNust | ||
| 082 | _a621.3822,KHA | ||
| 100 |
_aKhanna, V. K. _9104698 |
||
| 245 |
_aDigital signal processing telecommunications and multimedia technology / _cV. K. Khanna |
||
| 260 |
_aNew Delhi _bS.Chand _c2003 |
||
| 300 | _a640 p. | ||
| 505 | _aCommunication and Information Systems overview (Page-1), Signal Processing Fundamentals (Page-82), Digital Coding of Analysis Waveforms (Page-257), Speech and Audio Processing (Page-312), Image and Video Signals Processing (Page-353), Digital Modulation Techniques (Page-423), Networks Principles (Page-477), Digital Satellite Communications (Page-522), High-Definition Television (Page-555), Multimedia Signal Processing and Communications (Page-578). | ||
| 650 | _aTelecommunication Engineering | ||
| 651 |
_xMultimedia _9104699 |
||
| 942 |
_2ddc _cBK |
||
| 999 |
_c183880 _d183880 |
||